Man Utd's Top 10 English Premier League Scorers - Statistics

General Stats
  • This quiz has been taken 314 times
  • The average score is 6 of 10
Answer Stats
Goals Answer % Correct
183 Wayne Rooney
99%
107 Paul Scholes
85%
93 Andrew Cole
73%
62 David Beckham
69%
29 Marcus Rashford
67%
31 Teddy Sheringham
54%
17 Michael Carrick
49%
21 Nicky Butt
44%
20 Danny Welbeck
29%
19 Paul Ince
20%
No matching quizzes found
Score Distribution
Percent of People with Each Score
Percentile by Number Answered
Your Score History
You have not taken this quiz